00343nam a2200145Ia 4500008004100000041000800041082001700049100003100066245002700097250000800124260002400132300001000156542001500166650001600181220531s9999 xx 000 0 und d aeng a-bELE / JAD aJadhavar, S. U. and Others aElement of Company Law a1ST aPunebSuccessc2014 a10.37 d09-11-2018 aCompany Law